000 00487nam a22001937a 4500
003 MPLRDC
005 20220104143633.0
008 210129b ||||| |||| 00| 0 eng d
020 _a7-5434-3752-X
082 _a859.3 SJMZ v.16
100 _a沃尔特.司克脱 著
245 _a艾凡赫
_c
250 _a一版一刷
260 _a
_b河北教育出版社
_c2000
300 _b
490 _a世界名著之旅
650 _a儿童外国文学
942 _cBK
_o859.3 SJMZ v.16
999 _c41867
_d41857